000 00564nam a22001937a 4500
999 _c4617
_d4617
003 AR-CdUCM
008 190311b ||||| |||| 00| 0 spa d
040 _aMUNICIPALIDAD PROVINCIAL DEL CUSCO
_cBIBLIOTECA MUNICIPAL DEL CUSCO
082 _a891.4 /
_bN11
100 _aNabokov, Vladimir
_91746
245 _aEl Don /
260 _aMéxico :
_bDiana ;
_c1965.
300 _a367 páginas ;
_c21cm
505 _aContenido : Novela
650 _aLiteratura hindú
_914401
700 _aBarrera, Carlos (traducción)
_914402
942 _2ddc
_cLIBROS
945 _anom